Tackmeter for rubber testing (Record no. 70198)

MARC details
000 -LEADER
fixed length control field 00408nam a2200145Ia 4500
100 ## - MAIN ENTRY--AUTHOR NAME
Personal name Beaven E W J
245 #0 - TITLE STATEMENT
Title Tackmeter for rubber testing
260 ## - PUBLICATION, DISTRIBUTION, ETC. (IMPRINT)
Name of publisher Proceedings of the 2nd Rubber Technology Conference, London, 1948; p224-232
650 ## - SUBJECT ADDED ENTRY--TOPICAL TERM
Topical Term Rubber testing
700 ## - ADDED ENTRY--PERSONAL NAME
Personal name Croft-White P G
700 ## - ADDED ENTRY--PERSONAL NAME
Personal name Garner P J
700 ## - ADDED ENTRY--PERSONAL NAME
Personal name Rooney G
942 ## - ADDED ENTRY ELEMENTS (KOHA)
Koha item type Journals
Holdings
Withdrawn status Lost status Damaged status Not for loan Home library Current library Shelving location Date acquired Koha item type
      Journals RRII Library RRII Library Rubber chemistry 17/12/2021 Journals